Podium du Rallye de l'Hérault - Statistiques

Statistiques générales
  • Ce quiz a été pris 4 fois
  • Le résultat moyen est 4 sur 15
Statistiques - réponses
Vainqueur % Correct
Jérémie Turco
100%
Alexis Frontier
75%
Benjamin Cardenas
75%
Anthony Puppo
25%
Kévin Constanty
25%
Matthieu Fassio
25%
Olivier Constanty
25%
Christian Roigt
0%
Francois Maestracci
0%
Jean Jouines Snr
0%
Jean-Michel Da Cuhna
0%
Laurent Brunel
0%
Léo Rossel
0%
Nicolas Rouillard
0%
Rémi Jouines
0%
Aucun quiz correspondant
Distribution des résultats
% des personnes avec chaque résultat
Percentile par nombre de réponses
Votre historique - résultats
Vous n’avez pas pris ce quiz